Arthur Gayden

N/A


Categories

Fine Arts - Music54001154362.8905
Science - Biology44001002661.5034
Literature - American44001004372.0002
Literature - World and Miscellaneous4200801642.6723
History - American4100702949.2013
Literature - British4100704960.4024
History - Cross, Historiography, and Miscellaneous3100554260.2501
Literature - European2200502563.2501
Fine Arts - Painting3000454356.3301
RMP - Philosophy1200356590.3300
Science - Earth1100254352.5002
Fine Arts - Jazz1100253763.5011
Science - Chemistry1100254451.0000
History - World1100254453.0001
Social Science - Psychology0200206571.0011
Social Science - Economics0200206265.5001
RMP - Islam0200207097.5000
Social Science - Sociology1000154242.0001
Fine Arts - Architecture1000153939.0001
Fine Arts - Opera1000154242.0001
Geography - World1000153333.0000
History - European1000157474.0000
RMP - East Asian Religion1000156767.0000
Science - Physics1000152929.0000
Social Science - Other1000153939.0000
Fine Arts - Miscellaneous010010112112.0000
RMP - Jewish Practice0100109696.0000
Science - Engineering and Miscellaneous0100108282.0000
Other - Other Academic and General Knowledge000000.0000
Fine Arts - Photography000000.0000
Science - Math000000.0000
Current Events - U.S.000000.0000

Buzzes

Science - Biologyaverage population age013
Literature - World and Miscellaneousbe2016
Literature - World and MiscellaneousNadine Gordimer2016
Literature - World and MiscellaneousIsabel Allende2022
Literature - BritishBecky Sharp023
Literature - EuropeanFrançois Rabelais2025
Science - Biologycitric acid2026
History - AmericanPlessy v. Ferguson2029
Science - Physicsspin angular momentum2029
Literature - BritishE. M. Forster032